KOHA-Header-6

The Military & Politics In Pakistan 1947-1997 (Record no. 8711)

000 -LEADER
fixed length control field 00285nam a2200109Ia 4500
100 ## - MAIN ENTRY--AUTHOR NAME
Personal name Hasan Askari Rizvi
245 #4 - TITLE STATEMENT
Title The Military & Politics In Pakistan 1947-1997
260 ## - PUBLICATION, DISTRIBUTION, ETC. (IMPRINT)
Place of publication New york
Name of publisher Prentice
Year of publication 2003
300 ## - PHYSICAL DESCRIPTION
Number of Pages 406
942 ## - ADDED ENTRY ELEMENTS (KOHA)
Koha item type Books
Holdings
Withdrawn status Lost status Collection code Permanent Location Current Location Shelving location Date acquired Full call number Accession Number Koha item type
      MAJU MAJU   2019-09-14 338.5 3641 Pakistan Studies

Powered by Koha